Statistics for Cities in Michigan by Population

Click here to take the quiz!

General Stats

  • This quiz has been taken 74 times
  • The average score is 23 of 56

Answer Stats

PopulationCity% Correct
713,77Detroit
98%
113,934Ann Arbor
94%
188,040Grand Rapids
92%
114,297Lansing
90%
102,434Flint
88%
74,262Kalamazoo
78%
134,056Warren
71%
51,508Saginaw
69%
129,699Sterling Heights
67%
34,932Bay City
67%
41,863Midland
65%
80,980Troy
65%
33,534Jackson
63%
59,515Pontiac
61%
53,347Battle Creek
59%
98,153Dearborn
59%
96,942Livonia
55%
21,355Marquette
55%
38,401Muskegon
53%
75,125Wyoming
53%
70,995Rochester Hills
51%
55,224Novi
51%
21,412Auburn
49%
20,733Monroe
49%
79,740Farmington Hills
47%
30,184Port Huron
45%
26,016Mount Pleasant
45%
71,739Southfield
43%
33,051Holland
41%
57,236Royal Oak
39%
63,131Taylor
37%
57,774Dearborn Heights
33%
46,292Portage
29%
23,989Romulus
29%
84,094Westland
27%
21,133Adrian
24%
20,103Birmingham
24%
29,694Madison Heights
22%
48,707Kentwood
22%
22,423Hamtramck
22%
28,210Allen Park
16%
25,883Wyandotte
16%
47,299Roseville
16%
30,047Southgate
14%
23,537Walker
12%
29,319Oak Park
12%
38,144Lincoln Park
10%
29,999Burton
10%
32,442Eastpointe
10%
23,994Norton Shores
8%
21,369Okemos
8%
27,692Garden City
8%
59,715Saint Clair Shores
8%
25,369Inkster
4%
23,925Waverly
2%
25,867Forest Hills
2%

Score Distribution

Percentile by Number Answered

Percent of People with Each Score

Your Score History

You have not taken this quiz